Responses for show #1893 - Wednesday, November 25, 1992

Missing player introductions.

Contestants

[<< previous game]

Marcia Begerod, from New York

Tim Buthod, a credit union teller from Atlanta, Georgia

Susan Hodges, a writer from Palmyra, New Jersey (whose 1-day cash winnings total $10,301)

[next game >>]

Jeopardy! Round responses

GREECE
PATRIOTIC SONGS
FOR THE RECORD
LITERATURE
NAMES IN THE NEWS
RHYME TIME
    $100 16
Athens

Tim
    $100 15
Francis Scott Key

Tim
    $100 1
the log

Susan
    $100 23
(Alex: The Hunchback of Notre Dame, yes.)

Quasimodo

Susan
    $100 3
Nelson Mandela

Tim
    $100 11
a skinny Minnie

Susan
    $200 17
lamb

Marcia
    $200 18
(Tim: What is "Yankee Doodle Dandy"?)
---
(Alex: We often make that same mistake, "Yankee Doodle Dandy" for [*].)

"Yankee Doodle"

SusanTim
    $200 2
died

Tim
    $200 24
A Connecticut Yankee in King Arthur's Court

Susan
    $200 4
Los Angeles

Tim
    $200 12
nose grows

Susan
    $300 20
Mount Olympus

Tim
    $300 22
the Navy

Susan
    $300 7
the minutes

Tim
    $300 25
Hans Christian Andersen

Tim
    $300 5
Leona Helmsley

Marcia
    $300 13
a stuck truck

Susan
    $400 21
wine

Marcia
    $400 29
"God Bless America"

Tim
    $400 8
a diary

Marcia
    $400 26
Ivanhoe

Tim
    $400 6
Princess Diana

Susan
    $400 14
an evil weevil

Marcia
    $500 28
the Peloponnesian Peninsula

Tim
    $500 30
(Marcia: Who is Hank WIlliams?)

Merle Haggard

TimMarcia
    $500 9
a Who's Who

Tim
    $1,000 27
(Alex: The book is Rabbit is Rich.)

(John) Updike

Tim
    $500 10
(John) Gotti

Tim
    $500 19
Caesar's tweezers

Tim

Scores at the first commercial break (after clue 15):

Susan Tim Marcia
$1,100 $1,900 $1,100

Scores at the end of the Jeopardy! Round:

Susan Tim Marcia
$1,900 $5,700 $1,200

Double Jeopardy! Round responses

HISTORY
COLLEGES & UNIVERSITIES
PARKS
BIBLICAL PEOPLE
DEMOCRATS
GLANDS
    $200 10
Africa

Tim
    $200 20
Agricultural

Tim
    $200 1
(Tim: What is Battery Park?)
---
(Alex: Go for the obvious.)

Golden Gate Park

Tim
Triple Stumper
    $200 5
Aaron

Tim
    $200 15
Dukakis

Tim
    $200 22
sweat glands

Marcia
    $400 11
Canada

Tim
    $400 21
Duke

Susan
    $400 2
Lincoln Park

Marcia
    $400 6
Mary Magdalene

Tim
    $400 16
(Stephen) Douglas

Tim
    $400 25
salivary glands

Marcia
    $600 12
Robert (the Bruce)

Susan
    $600 23
Princeton

Tim
    $600 3
(Marcia: What is Mount St. Helena's?)

Mount Rainier National Park

Marcia
Triple Stumper
    $600 7
(Susan: Who is Judas Iscariot?)

Thomas

Susan
Triple Stumper
    $600 17
Adlai Stevenson

Tim
    $600 28
adrenal glands

Susan
    $800 13
Wilhelmina

Tim
    $800 24
Cornell

Susan
    $800 4
Hot Springs

Susan
    $800 8
Daniel

Tim
    $800 18
(Bill) Bradley

Tim
    $800 29
the thyroid

Tim
    $1000 14
Spain's succession

Tim
    $1,500 27
Gallaudet

Marcia
    $1000 26
(Tim: What are the Smokies?)

the Blue Ridge Mountains

TimMarcia
    $1000 9
(Susan: Who is Rachel?)
(Tim: Who is Sarah?)
(Marcia: Who is Leah?)
---
(Alex: No harm, no foul on this one, obviously. Who was [*]?)

Rebekah

SusanTimMarcia
Triple Stumper
    $5,000 19
Joe Biden

Tim
    $1000 30
the pineal

Tim

Scores at the end of the Double Jeopardy! Round:

Susan Tim Marcia
$3,500 $16,900 $3,100
(lock game)

[wagering suggestions for these scores]

Final Jeopardy! Round responses

STATE CAPITALS
MarciaWhat is Richmond?
$3,000
SusanWhat is Richmond?
$3,000
TimWhat is Richmond?
$5,000
Richmond, Virginia

Final scores:

Susan Tim Marcia
$6,500 $21,900 $6,100
2nd place: n/a New champion: $21,900 3rd place: n/a

Game dynamics:

Coryat scores:

Susan Tim Marcia
$3,500 $12,400 $2,600
14 R,
2 W
32 R
(including 2 DDs),
4 W
10 R
(including 1 DD),
3 W

Combined Coryat: $18,500

The J! Archive is created by fans, for fans. The Jeopardy! game show and all elements thereof, including but not limited to copyright and trademark thereto, are the property of Jeopardy Productions, Inc. and are protected under law. This website is not affiliated with, sponsored by, or operated by Jeopardy Productions, Inc. Join the discussion at JBoard.tv.